Представление документа в формате RUSMARC

ПолеНазваниеЗначение
  Тип записи a
  Библиографический уровень a
001 Контрольный номер RU/CBS_UL/BASE/c680765e1fda462da91d7dd3b590ac66
005 Дата корректировки 20260204114440.1
100 Данные общей обработки __
a Данные общей обработки 20260204 ||| 0rusy0189 ca
101 Язык документа 0_
a Язык текста rus
102 Страна публикации __
a Страна публикации RU
200 Заглавие и сведения об ответственности 1_
a Заглавие На стыке двух культур
e Сведения, относящиеся к заглавию [4 февраля в 17.30 в модельной городской библиотеке имени Гончарова на улице Кирова, 40 состоится творческая встреча поэта Леонида Негматова "Иная память"]
300 Общие примечания __
a Общие примечания 16+
461 Уровень набора _0
1 2000
a Народная газета
463 Уровень физической единицы _0
1 2000
a № 5 (4 февр.)
v С. 23
1 2101
d 2026
1 001RU/CBS_UL/BASE/9f84fe831e1f4a17968cdea0a4ab948b
600 Персоналии _1
a Персоналии (Фамилия) Негматов
b Персоналии (Имя, инициалы) Л.
606 Тематические рубрики 0_
a Основная рубрика Российское литературоведение, 21 в.
606 Тематические рубрики 0_
a Основная рубрика Модельная центральная городская библиотека имени И. А. Гончарова МБУК "ЦБС" (Ульяновск, город)
610 Ключевые слова 0_
a Ключевые слова российские поэты; поэты; современные поэты; лауреаты премий; ЦГБ имени Гончарова; ЦГБ; ЦГБ имени И.А. Гончарова; библиотеки МБУК ЦБС; творческие встречи
686 Индексы других классификаций __
a Классификационный индекс 83.3(2Рос=Рус)6
686 Индексы других классификаций __
a Классификационный индекс 78.34(2)
801 Источник записи _0
a Страна RU
b Организация МБУК ЦБС г. Ульяновска
c Дата составления 20260204
g Правила каталогизации RCR
801 Источник записи _1
a Страна RU
b Организация МБУК ЦБС г. Ульяновска
c Дата составления 20260204
g Правила каталогизации RCR
901 Тип документа __
t Тип документа f
w Контрольный № источника RU/CBS_UL/BASE/9f84fe831e1f4a17968cdea0a4ab948b
909 Создатель записи __
a Создатель записи mbo